Normal view
MARC view
- MS-MTS-66
Entry Topical Term
001 - CONTROL NUMBER
- control field: 108295
003 - CONTROL NUMBER IDENTIFIER
- control field: NUST
005 - DATE AND TIME OF LATEST TRANSACTION
- control field: 20230131150936.0
008 - FIXED-LENGTH DATA ELEMENTS
- fixed length control field: 230131|| aca||aabn | a|a d
040 ## - CATALOGING SOURCE
- Original cataloging agency: NUST
- Transcribing agency: NUST
150 ## - HEADING--TOPICAL TERM
- Topical term or geographic name entry element: MS-MTS-66
670 ## - SOURCE DATA FOUND
- Source citation: Work cat.: (NUST): ALIYA ZAFAR, 70310, TH-SOF-0887-FAST AND ROBUST FACE RECOGNITION, 2015.
